| 000 | 00000nas 2200000zi 4500 |
| 001 | 9.929376 |
| 003 | CaOODSP |
| 005 | 20251204073304 |
| 006 | m o d f |
| 007 | cr ||||||||||| |
| 008 | 231024c20149999oncqr p o f0###a0eng|d |
| 040 | |aCaOODSP|beng|erda|cCaOODSP |
| 043 | |an-cn--- |
| 086 | 1 |aCC518-3E-PDF |
| 110 | 2 |aCanada Development Investment Corporation.|eauthor, |eissuing body. |
| 245 | 10|a... report ... / |cCanada Development Investment Corporation. |
| 264 | 1|a[Toronto] : |bCanada Development Investment Corporation = La Corporation de développement des investissements du Canada, |c[2014]- |
| 310 | |aQuarterly |
| 336 | |atext|btxt|2rdacontent |
| 337 | |acomputer|bc|2rdamedia |
| 338 | |aonline resource|bcr|2rdacarrier |
| 362 | 1 |aBegan with: March 31, 2014. |
| 500 | |aIssued also in French under title: Rapport ... |
| 588 | |aDescription based on: March 31, 2014. |
| 588 | |aLatest issue consulted: June 20, 2023. |
| 610 | 20|aCanada Development Investment Corporation|xAppropriations and expenditures|vPeriodicals. |
| 650 | 0|aFinance, Public|zCanada|vPeriodicals. |
| 655 | 7|aPeriodicals|2lcgft |
| 775 | 08|tRapport du ... / |w(CaOODSP)9.929382 |